US States • A-Z - Statistics

General Stats
  • This quiz has been taken 348 times
    185 since last reset
  • The average score is 18 of 19
Answer Stats
US-Bundesstaat % Correct
A Alabama | Alaska | Arizona | Arkansas
100%
C Colorado | Connecticut | California
97%
I Idaho | Illinois | Indiana | Iowa
97%
N Nebraska | Nevada | New Hampshire | New Jersey | New Mexico | New York | North Carolina | North Dakota
97%
O Ohio | Oklahoma | Oregon
97%
M Maine | Maryland | Massachusetts | Michigan | Minnesota | Mississippi | Missouri | Montana
95%
W Washington | West Virginia | Wisconsin | Wyoming
95%
K Kansas | Kentucky
94%
U Utah
94%
F Florida
93%
G Georgia
93%
T Tennessee | Texas
93%
H Hawaii
91%
P Pennsylvania
90%
L Louisiana
89%
V Vermont | Virginia
89%
S South Carolina | South Dakota
87%
R Rhode Island
86%
D Delaware
85%
No matching quizzes found
Score Distribution
Percent of People with Each Score
Percentile by Number Answered
Your Score History
You have not taken this quiz since the last reset